Logo BPK

Biblioteka

Politechniki Koszalińskiej

Ocena wybranych oczyszczalni ścieków : (Rekord nr 29616)

Szczegóły MARC
000 -ETYKIETA REKORDU
podpole kontrolne o stałej długości 00499nam a2200169 i 4500
001 - NUMER KONTROLNY REKORDU
pole kontrolne bg
040 ## - ŹRÓDŁO KATALOGOWANIA
Instytucja, która utworzyła rekord BPK
041 ## - KOD JĘZYKA
Kod języka tekstu pol
080 ## - UNIWERSALNA KLASYFIKACJA DZIESIĘTNA - UKD
UKD 628.3
008 - POLE O STAŁEJ DŁUGOŚCI - DANE KONTROLNE
podpole kontrolne o stałej długości s pl f |000 0 pol
100 1# - NAZWA OSOBOWA
Nazwa osobowa BERNACKA, Jadwiga
245 #0 - TYTUŁ/ODPOWIEDZIALNOŚĆ
Tytuł Ocena wybranych oczyszczalni ścieków :
Ciąg dalszy tytułu efektywność oczyszczania, energochłonność, koszty eksploatacji /
Pozostałe elementy strefy tytułu i oznaczenia odpowiedzialności J. Bernacka, L. Kalisz , L. Jethon.
260 ## - STREFA ADRESU WYDAWNICZEGO
Miejsce wydania Warszawa,
Data publikacji, dystrybucji/powstania dokumentu 1991.
700 1# - HASŁO DODATKOWE - NAZWA OSOBOWA
Nazwa osobowa KALISZ, Liliana
700 1# - HASŁO DODATKOWE - NAZWA OSOBOWA
Nazwa osobowa JETHON, Lucyna
856 ## - LOKALIZACJA I DOSTĘP DO ELEKTRONICZNYCH DOKUMENTÓW ZDALNYCH
Link (URL) http://koha.tu.koszalin.pl/cgi-bin/koha/opac-detail.pl?biblionumber=29616
Tekst linku Katalog online BPK
942 ## - DODATKOWE ELEMENTY (KOHA)
Typ dokumentu Książka
Egzemplarze
Wycofany Status egzemplarza Uszkodzony Dostępność Lokalizacja stała Lokalizacja bieżąca Miejsce przechowywania Sygnatura Kod kreskowy Ostatnio wypożyczono Typ dokumentu
      Dostępny Biblioteka Politechniki Koszalińskiej Biblioteka Politechniki Koszalińskiej Wypożyczalnia BG 35846 01211573 02.04.2014 Książka
© 2023 Biblioteka Politechniki Koszalińskiej :: KOHA